| 000 | 00339cam a22001217a 4500 | ||
|---|---|---|---|
| 008 | 180718b1961 xxu||||| |||| 00| 0 eng d | ||
| 082 | _aT3103x54 J613 | ||
| 100 | _aJohn, V.K. | ||
| 245 |
_aReady reference and guide to companies act _cby V.K. John |
||
| 260 |
_aMadras _bExpress _c1961 |
||
| 300 | _a286p. | ||
| 650 | _aCorporation law - India | ||
| 999 |
_c371544 _d371544 |
||